000 00413nam a2200133Ia 4500
005 20260328101440.0
008 260328s9999||||xx |||||||||||||| ||und||
100 _aFracchia, Charles A.
245 0 _aConverted into Houses :
_b 33 uniquely imaginative Homes created from unconventional Structures /
_cCharles A. Fracchia
260 _bPenguin
300 _a92 p.
650 _aARQUITECTURA RESIDENCIAL
942 _cBK
999 _c8233
_d8233